Полное собрание сочинений. Т. 12: Критика | Автобиография (Запись № 8011828)

Подробности
000 -МАРКЕР
контрольное поле 01523nam2a2200289 4500
001 - ИДЕНТИФИКАТОР ЗАПИСИ
контрольное поле rc\2984958
005 - ИДЕНТИФИКАТОР ВЕРСИИ
контрольное поле 20260405221230.0
010 ## - МЕЖДУНАРОДНЫЙ СТАНДАРТНЫЙ НОМЕР КНИГИ (ISBN)
Уточнения В пер.
Цена 35 р.
Тираж 7000
021 ## - НОМЕР ГОСУДАРСТВЕННОЙ РЕГИСТРАЦИИ
Код страны российская федерация
Номер [49-19870] 26-2
035 ## - ДРУГИЕ СИСТЕМНЫЕ НОМЕРА
Идентификатор записи (NLR Aleph) 008786060
100 ## - ДАННЫЕ ОБЩЕЙ ОБРАБОТКИ
Данные общей обработки 20110911d1949 |||y0rusy50 ca
101 0# - ЯЗЫК РЕСУРСА
Язык текста, звукозаписи и т.д. русский
102 ## - СТРАНА ПУБЛИКАЦИИ ИЛИ ПРОИЗВОДСТВА
Страна публикации российская федерация
105 ## - ПОЛЕ КОДИРОВАННЫХ ДАННЫХ: ТЕКСТОВЫЕ МАТЕРИАЛЫ, МОНОГРАФИЧЕСКИЕ
Кодированные данные о монографическом текстовом документе a rz |||ca
200 1# - ЗАГЛАВИЕ И СВЕДЕНИЯ ОБ ОТВЕТСТВЕННОСТИ
Основное заглавие Критика
-- Автобиография
Первые сведения об ответственности [общ. ред. В. В. Гиппиус и др.]
210 ## - ПУБЛИКАЦИЯ, РАСПРОСТРАНЕНИЕ И ДР.
Дата издания, распространения и т.д. 1949
Место издания, распространения и т.д. Б. м.
215 ## - ФИЗИЧЕСКАЯ ХАРАКТЕРИСТИКА
Специфическое обозначение материала и объем 576 с., [6] л. ил.
461 #0 - УРОВЕНЬ НАБОРА
Встроенное поле 001rc\2984948
-- 2001#$aПолное собрание сочинений$e[1837-1937]$fПушкин$g[редакционный комитет: Максим Горький, С. М. Бонди, В. Д. Бонч-Бруевич и др.]$gАкадемия наук СССР$vТ. 12
-- 700#1$aПушкин$bА. С.$f1799-1837$gАлександр Сергеевич$3RU\NLR\AUTH\77386
Системный номер (АБИС) связанной записи 8011301
Автор Пушкин, А. С. (поэт ; 1799-1837)
Место публикации [Москва
Дата публикации 1937
Первые сведения об ответственности Пушкин
Имя издателя, распространителя и т.д. Изд-во Академии наук СССР
Сведения, относящиеся к заглавию [1837-1937]
Заглавие Полное собрание сочинений
Номер тома Т. 12
702 #1 - ИМЯ ЛИЦА - ВТОРИЧНАЯ ОТВЕТСТВЕННОСТЬ
Код отношения Редактор
Материалы, к которым относится поле rus
Графика поля Кириллица
Начальный элемент ввода Гиппиус
Часть имени, кроме начального элемента ввода В. В.
Дополнения к именам, кроме дат литературовед
Даты 1890-1942
Расширение инициалов личного имени Василий Васильевич
Идентификатор авторитетной/нормативной записи RU\NLR\AUTH\7799580
Системный номер авторитетной/нормативной записи 82506
801 #0 - ИСТОЧНИК ЗАПИСИ
Страна российская федерация
Организация NLR
Правила каталогизации psbo
801 #1 - ИСТОЧНИК ЗАПИСИ
Страна российская федерация
Организация ELAR
Источник данных rusmarc
801 #2 - ИСТОЧНИК ЗАПИСИ
Страна российская федерация
Организация NLR
Дата составления 20120801
Источник данных rusmarc
852 ## - МЕСТОНАХОЖДЕНИЕ И ШИФР ХРАНЕНИЯ
Идентификатор организации NLR
Шифр хранения (Call Number) Пушкин/1-115(12)
942 ## - ДОПОЛНИТЕЛЬНЫЕ ЭЛЕМЕНТЫ ЗАПИСИ (АБИС)
Тип экземпляра АБИС Книга
980 ## - КОЛЛЕКЦИЯ
Название коллекции Национальная библиография
Экземпляры
Тип экземпляра Дата поступления Библиотека постоянного хранения Библиотека текущего хранения Место хранения Шифр хранения Штрих-код Статус не для выдачи Стоимость Источник поступления
Книга 27.01.2014 РНБ (Московский) РНБ (Московский) Фонд общего зала литературы по филологии, педагогике и искусству (гуманитарной литературы) Л1 Ш6(2=Р)5/П-913 1-259337   35.00  
Книга 26.10.2013 РНБ (Садовая) РНБ (Садовая) Русский книжный фонд -Главное здание, Ленинский читальный зал Пушкин/1-115(12) 8786060-10      
Книга 20.03.2014 РНБ (Садовая) РНБ (Садовая) Фонд научного зала литературы и искусства Нз Ш6(2=Р)/П-913 1-375696     Подсобные фонды РНБ